000 00632cam a22002173a 4500
001 40088
003 PGUSA
005 20140828083908.0
008 120626s2012||||xxu|||||s|||||000 | eng d
040 _aPGUSA
_beng
042 _adc
100 1 _aGrimm, Wilhelm,
_d1786-1859
245 1 0 _aGrimm testvérek összegyüjtött meséi
_h[electronic resource] /
_cWilhelm Grimm
260 _bProject Gutenberg,
_c2012
506 _aPublic domain in the USA.
516 _aElectronic text
700 1 _aBenedek, Elek,
_d1859-1929
830 0 _aProject Gutenberg
_v40088
856 4 0 _uhttp://www.gutenberg.org/ebooks/40088
942 _cEB
999 _c269341
_d269341